| 000 | 00952nam a22003137a 4500 | ||
|---|---|---|---|
| 005 | 20230512221841.0 | ||
| 008 | 180413t xxu||||| |||| 00| 0 eng d | ||
| 020 | _a0538729732 | ||
| 040 | _cCSPC | ||
| 082 | 0 |
_a651.5 _bH391i |
|
| 100 |
_aHenne, Andrea _eauthor. |
||
| 245 | 0 | 0 |
_aIntensive records management _cAndrea Henne |
| 250 |
_a5th _bedition |
||
| 260 |
_aUSA : _bThomson South-Western, _c2007. |
||
| 300 |
_aiii, 134 pages : _bfigures ; _c27 cm. + _e1 computer disc |
||
| 336 |
_2rdacontent _atext |
||
| 337 |
_2rdamedia _aunmediated |
||
| 337 |
_2rdamedia _acomputer |
||
| 338 |
_2rdacarrier _avolume |
||
| 338 |
_2rdacarrier _acomputer disc |
||
| 650 | 1 | 0 |
_aOffice practice _vSimulation methods. |
| 650 | 1 | 0 | _aFiling systems. |
| 650 | 1 | 0 |
_aRecords _vManagement. |
| 700 | 1 |
_aHenne, Andrea _eauthor. |
|
| 940 | _a123 | ||
| 942 |
_cBOOK _jCIR 651.5 H391i 2007 |
||
| 999 |
_c3371 _d3371 |
||